[Event "Ghent VSF-chB"]
[Site "Ghent"]
[Date "2007.05.20"]
[Round "7"]
[White "Gijsen, Michelle"]
[Black "Van Hoecke, Vincent"]
[Result "0-1"]
[WhiteElo "1671"]
[BlackElo "1580"]
[PlyCount "42"]
[EventDate "2007.05.17"]
[EventType "swiss"]
[EventRounds "7"]
[EventCountry "BEL"]
[SourceTitle "EXT 2009"]
[Source "ChessBase"]
[SourceDate "2008.11.26"]
[SourceVersion "1"]
[SourceVersionDate "2008.11.26"]
[SourceQuality "1"]

1. e4 e5 2. Nf3 Nf6 3. Nc3 Nc6 4. Bc4 Bb4 5. 0-0 0-0 6. d3 d6 7. Bg5 h6 8. Bh4 Bg4 9. Nd5 g5 10. Bg3 Bc5 11. h4 Nxd5 12. exd5 Nd4 13. hxg5 hxg5 14. c3 Nxf3+ 15. gxf3 Bh3 16. Re1 Qf6 17. Qd2 Kg7 18. Rad1 Rh8 19. d4 Qxf3 20. Qxg5+ Kf8 21. Bh4 Rg8 0-1

[Event "Hengelo U16 op"]
[Site "Hengelo"]
[Date "2005.08.11"]
[Round "6"]
[White "Hickendorff, Tim"]
[Black "Van Hoecke, Vincent"]
[Result "1-0"]
[WhiteElo "1475"]
[BlackElo "1505"]
[PlyCount "47"]
[EventDate "2005.08.??"]
[EventType "swiss"]
[EventRounds "9"]
[EventCountry "NED"]
[SourceTitle "CBM 107 Extra"]
[Source "ChessBase"]
[SourceDate "2005.09.01"]
[SourceVersion "1"]
[SourceVersionDate "2005.09.01"]
[SourceQuality "1"]

1. e4 e5 2. Nf3 Nf6 3. Nxe5 d6 4. Nf3 Nxe4 5. d4 Bg4 6. Bd3 Nf6 7. 0-0 Be7 8. c4 Nc6 9. Be2 0-0 10. Nc3 Re8 11. Be3 d5 12. h3 Bxf3 13. Bxf3 dxc4 14. Bxc6 bxc6 15. Qa4 Nd5 16. Qxc4 Nxe3 17. fxe3 Rf8 18. Qxc6 Bg5 19. Nd5 Rb8 20. b3 a6 21. Nf4 Rb6 22. Qc5 Re8 23. Rae1 Rf6 24. Qxg5 1-0

[Event "Hengelo U16 op"]
[Site "Hengelo"]
[Date "2005.08.10"]
[Round "4"]
[White "De Leeuw, Bart"]
[Black "Van Hoecke, Vincent"]
[Result "1-0"]
[WhiteElo "1552"]
[BlackElo "1505"]
[PlyCount "61"]
[EventDate "2005.08.??"]
[EventType "swiss"]
[EventRounds "9"]
[EventCountry "NED"]
[SourceTitle "CBM 107 Extra"]
[Source "ChessBase"]
[SourceDate "2005.09.01"]
[SourceVersion "1"]
[SourceVersionDate "2005.09.01"]
[SourceQuality "1"]

1. Nf3 d5 2. c4 e6 3. cxd5 exd5 4. g3 Bf5 5. Bg2 Nf6 6. 0-0 Bc5 7. d4 Be7 8. Nc3 c6 9. Re1 0-0 10. Ne5 Nbd7 11. e4 dxe4 12. Nxd7 Qxd7 13. Nxe4 Bxe4 14. Bxe4 Nxe4 15. Rxe4 c5 16. Be3 cxd4 17. Rxd4 Qb5 18. Qd2 Rfd8 19. Rc1 Rxd4 20. Qxd4 h6 21. Rc7 Bf6 22. Qd7 Qxb2 23. Qxf7+ Kh8 24. Rxb7 Qc2 25. Bxh6 Qd1+ 26. Kg2 Qd4 27. Rd7 Qe4+ 28. f3 Qc2+ 29. Rd2 Qc3 30. Bf4 a5 31. Qh5+ 1-0

[Event "Hengelo U16 op"]
[Site "Hengelo"]
[Date "2005.08.10"]
[Round "5"]
[White "Van Hoecke, Vincent"]
[Black "Kaptein, Frank"]
[Result "1/2-1/2"]
[WhiteElo "1505"]
[BlackElo "1359"]
[PlyCount "24"]
[EventDate "2005.08.??"]
[EventType "swiss"]
[EventRounds "9"]
[EventCountry "NED"]
[SourceTitle "CBM 107 Extra"]
[Source "ChessBase"]
[SourceDate "2005.09.01"]
[SourceVersion "1"]
[SourceVersionDate "2005.09.01"]
[SourceQuality "1"]

1. d4 Nf6 2. Bf4 c5 3. c3 d5 4. Nf3 Nc6 5. e3 Bg4 6. Bb5 e6 7. h3 Bxf3 8. Qxf3 Be7 9. Nd2 0-0 10. Qg3 Nh5 11. Qg4 Nxf4 12. Qxf4 a6 1/2-1/2

[Event "Hengelo U16 op"]
[Site "Hengelo"]
[Date "2005.08.09"]
[Round "2"]
[White "Mannetje, Simone"]
[Black "Van Hoecke, Vincent"]
[Result "0-1"]
[WhiteElo "1237"]
[BlackElo "1505"]
[PlyCount "42"]
[EventDate "2005.08.??"]
[EventType "swiss"]
[EventRounds "9"]
[EventCountry "NED"]
[SourceTitle "CBM 107 Extra"]
[Source "ChessBase"]
[SourceDate "2005.09.01"]
[SourceVersion "1"]
[SourceVersionDate "2005.09.01"]
[SourceQuality "1"]

1. e4 e5 2. Nf3 Nf6 3. d4 exd4 4. e5 Ng8 5. Nxd4 Bc5 6. Nc3 d6 7. exd6 Qxd6 8. Be3 Ne7 9. Bc4 0-0 10. Ne4 Qb6 11. Nxc5 Qxc5 12. Ne6 Qa5+ 13. c3 Bxe6 14. Qb3 Bxc4 15. Qxc4 Nbc6 16. 0-0 Qd5 17. Qg4 Ne5 18. Qe2 N7g6 19. Rfd1 Qc6 20. Bd4 Nf4 21. Qxe5 Qxg2# 0-1

[Event "Hengelo U16 op"]
[Site "Hengelo"]
[Date "2005.08.09"]
[Round "3"]
[White "Van Hoecke, Vincent"]
[Black "Bomans, Arno"]
[Result "0-1"]
[WhiteElo "1505"]
[BlackElo "1690"]
[PlyCount "42"]
[EventDate "2005.08.??"]
[EventType "swiss"]
[EventRounds "9"]
[EventCountry "NED"]
[SourceTitle "CBM 107 Extra"]
[Source "ChessBase"]
[SourceDate "2005.09.01"]
[SourceVersion "1"]
[SourceVersionDate "2005.09.01"]
[SourceQuality "1"]

1. d4 d5 2. Bf4 Bf5 3. Nf3 e6 4. e3 Nd7 5. c4 c6 6. Nc3 Ngf6 7. Be2 dxc4 8. Bxc4 Nb6 9. Be2 Nbd5 10. Nxd5 Nxd5 11. Be5 Qa5+ 12. Nd2 f6 13. Bg3 Bb4 14. a3 Bxd2+ 15. Qxd2 Qxd2+ 16. Kxd2 0-0 17. Rhc1 Rfd8 18. Ke1 Rd7 19. b4 a6 20. b5 axb5 21. Bxb5 Nc7 0-1

[Event "BEL-ch U14"]
[Site "Worriken Buetgenbach"]
[Date "2004.04.04"]
[Round "2.11"]
[White "Akhayan, Hayk"]
[Black "Van Hoecke, Vincent"]
[Result "1/2-1/2"]
[WhiteElo "1500"]
[BlackElo "1355"]
[PlyCount "131"]
[EventDate "2004.04.03"]
[EventType "swiss"]
[EventRounds "9"]
[EventCountry "BEL"]
[SourceTitle "EXT 2006"]
[Source "ChessBase"]
[SourceDate "2005.11.24"]
[SourceVersion "1"]
[SourceVersionDate "2005.11.24"]
[SourceQuality "1"]

1. d4 d5 2. c4 e6 3. Nc3 Nf6 4. Nf3 c5 5. cxd5 cxd4 6. Qa4+ Bd7 7. Qxd4 exd5 8. Nxd5 Qa5+ 9. Nc3 Nc6 10. Qd1 h6 11. g3 Bc5 12. Bg2 0-0 13. 0-0 Rfe8 14. Bf4 Qb6 15. Na4 Qb4 16. Nxc5 Qxc5 17. Be3 Qb5 18. Qd2 Rad8 19. a4 Qb3 20. Ra3 Qc4 21. Rc1 Qe6 22. Nd4 Nxd4 23. Qxd4 Bc6 24. Qxa7 Nd5 25. Qc5 Nxe3 26. Rxe3 Qa2 27. Bxc6 Rxe3 28. Qxe3 bxc6 29. Qa3 Qe6 30. e3 Qf6 31. a5 Rd2 32. f4 Rxb2 33. a6 Rb8 34. a7 Ra8 35. Rb1 Qd8 36. Qc5 Qc7 37. Ra1 Qb7 38. Qa3 Qb6 39. Ra2 c5 40. Qb2 Qxb2 41. Rxb2 Rxa7 42. Rc2 Rc7 43. Rc4 f6 44. Kf2 Kf7 45. Kf3 Ke6 46. e4 h5 47. h3 Kd6 48. g4 hxg4+ 49. hxg4 Rb7 50. e5+ fxe5 51. fxe5+ Kd5 52. Rc2 Rb4 53. e6 Kxe6 54. Rxc5 Rb6 55. Kf4 Kf7 56. Kf5 Rf6+ 57. Ke5 Re6+ 58. Kf5 Rf6+ 59. Kg5 Rg6+ 60. Kh5 Rh6+ 61. Kg5 Rg6+ 62. Kf5 Rf6+ 63. Kg5 Rg6+ 64. Kf5 Rf6+ 65. Kg5 Rg6+ 66. Kf5 1/2-1/2

[Event "Geraardsbergen op"]
[Site "Geraardsbergen"]
[Date "2003.08.16"]
[Round "5"]
[White "Van Hoecke, Vincent"]
[Black "Hautekeete, Johan"]
[Result "1/2-1/2"]
[WhiteElo "1347"]
[BlackElo "1617"]
[PlyCount "39"]
[EventDate "2003.08.??"]
[EventType "swiss"]
[EventRounds "7"]
[EventCountry "BEL"]
[SourceTitle "EXT 2005"]
[Source "ChessBase"]
[SourceDate "2004.11.15"]
[SourceVersion "1"]
[SourceVersionDate "2004.11.15"]
[SourceQuality "1"]

1. e4 e6 2. d4 d5 3. exd5 exd5 4. c3 Bd6 5. Nf3 Ne7 6. Be3 0-0 7. Be2 Bg4 8. Qb3 Nbc6 9. Nbd2 f5 10. Bg5 Rb8 11. 0-0 Qd7 12. Bxe7 Nxe7 13. Bd3 c6 14. h3 Bh5 15. Rae1 Rbe8 16. Ne5 Qc7 17. Nef3 Bxf3 18. Nxf3 Nc8 19. Rxe8 Rxe8 20. Bxf5 1/2-1/2

[Event "Geraardsbergen op"]
[Site "Geraardsbergen"]
[Date "2003.08.15"]
[Round "4"]
[White "Jonckers, Marie Jeanne"]
[Black "Van Hoecke, Vincent"]
[Result "1/2-1/2"]
[WhiteElo "1637"]
[BlackElo "1347"]
[PlyCount "69"]
[EventDate "2003.08.??"]
[EventType "swiss"]
[EventRounds "7"]
[EventCountry "BEL"]
[SourceTitle "EXT 2005"]
[Source "ChessBase"]
[SourceDate "2004.11.15"]
[SourceVersion "1"]
[SourceVersionDate "2004.11.15"]
[SourceQuality "1"]

1. e4 e5 2. Nf3 Nf6 3. d3 Nc6 4. Nc3 Bb4 5. Bd2 d5 6. a3 Bxc3 7. Bxc3 Bg4 8. Be2 dxe4 9. Nxe5 Nxe5 10. Bxe5 Bxe2 11. Qxe2 exd3 12. cxd3 0-0 13. 0-0 Re8 14. Rfe1 Qd5 15. d4 Nd7 16. Qd1 Nxe5 17. dxe5 Rxe5 18. Qxd5 Rxd5 19. Re7 b6 20. Rae1 g6 21. Rxc7 Rf5 22. g4 Rf4 23. h3 h6 24. Kg2 b5 25. Kg3 Rf6 26. Ree7 a6 27. Rb7 Rd8 28. Red7 Rc8 29. Rd2 Rc4 30. Rb8+ Kg7 31. Rdd8 Re6 32. Rbc8 Rxc8 33. Rxc8 Re2 34. Ra8 Rxb2 35. Rxa6 1/2-1/2

[Event "Geraardsbergen op"]
[Site "Geraardsbergen"]
[Date "2003.08.15"]
[Round "1"]
[White "Van Hoecke, Vincent"]
[Black "Willockx, Ritsaart"]
[Result "1/2-1/2"]
[WhiteElo "1347"]
[BlackElo "1947"]
[PlyCount "42"]
[EventDate "2003.08.??"]
[EventType "swiss"]
[EventRounds "7"]
[EventCountry "BEL"]
[SourceTitle "EXT 2005"]
[Source "ChessBase"]
[SourceDate "2004.11.15"]
[SourceVersion "1"]
[SourceVersionDate "2004.11.15"]
[SourceQuality "1"]

1. e4 e5 2. Nf3 Nf6 3. Nxe5 d6 4. Nf3 Nxe4 5. Qe2 Qe7 6. d3 Nf6 7. Bg5 Be6 8. d4 Nbd7 9. Nc3 0-0-0 10. 0-0-0 h6 11. Bh4 g5 12. Bg3 Nb6 13. Kb1 Nfd5 14. Nxd5 Bxd5 15. Qxe7 Bxe7 16. h3 Bf6 17. c3 Rhe8 18. Bd3 Be4 19. Rhe1 Bxd3+ 20. Rxd3 Rxe1+ 21. Nxe1 Re8 1/2-1/2